Új típusú szórakozási lehetőségek fiatal városlátogató turisták számára

Bibliográfiai részletek
Szerző: Takáts Vivien Fanni
További közreműködők: Buday dr. Gábor
Dokumentumtípus: Diplomadolgozat
Kulcsszavak:szórakozás
Beutazó turizmus
Stag party tourism
Romkocsma
Budapest
Online Access:http://dolgozattar.uni-bge.hu/4257

MARC

LEADER 00000nta a2200000 i 4500
001 dolg4257
005 20160218112734.0
008 151208suuuu hu om 000 hun d
040 |a BGE Dolgozattár Repozitórium  |b hun 
041 |a hu 
100 1 |a Takáts Vivien Fanni 
245 1 0 |a Új típusú szórakozási lehetőségek fiatal városlátogató turisták számára  |c Takáts Vivien Fanni  |h [elektronikus dokumentum] 
695 |a szórakozás  
695 |a Beutazó turizmus 
695 |a Stag party tourism 
695 |a Romkocsma 
695 |a Budapest  
700 1 |a Buday dr. Gábor  |e ths 
856 4 0 |u http://dolgozattar.uni-bge.hu/4257/1/Tak%C3%A1ts%20Vivien%20szakdolgozat%202015.12.07.pdf  |z Dokumentum-elérés